MARC

LEADER 00000nam0a2200000 4500
001 152786
005 20231031151135.0
035 |a (RuTPU)RU\TPU\book\165650 
090 |a 152786 
100 |a 20090205d1979 m y0rusy50 ca 
101 0 |a rus 
102 |a RU 
105 |a a z 001zy 
200 1 |a Руководство по дисперсионному анализу методом микроскопии  |f Л. Я. Градус 
210 |a Москва  |c Химия  |d 1979 
215 |a 232 с.  |c ил. 
320 |a Библиогр.: с. 230-232. 
610 1 |a порошкообразные материалы 
610 1 |a дисперсный анализ 
610 1 |a аэрозоли 
610 1 |a микроскопы 
610 1 |a препараты 
610 1 |a приготовление 
610 1 |a частицы 
610 1 |a анализ 
610 1 |a результаты 
610 1 |a обработка 
675 |a 544.77.022  |v 3 
700 1 |a Градус  |b Л. Я.  |g Лернид Яковлевич 
801 1 |a RU  |b 63413507  |c 20090205  |g PSBO 
801 2 |a RU  |b 63413507  |c 20130823  |g PSBO 
942 |c BK